Quiz De Jimmy-Zona de pruebas #3 - Estadísticas

Estadísticas generales
  • Esta prueba ha sido intentada 210 veces
  • La puntuación promedio es 4 de 6
Estadísticas de respuestas
Pregunta Respuesta % Correcto
¿En que año Jimmy hizo su primer video? 2021
100%
Jimmy al final de sus videos ¿Cual son sus despedidas? BAY BAY
100%
¿Cual es el video mas popular de Jimmy? Echo gas a bebidas que no tienen gas ¿Como sabrán?
100%
¿Cual es el video que mas tarda de Jimmy? Descubriendo PRODUCTOS CURIOSOS y DIVERTIDOS
50%
¿Que objeto le salio mal su desayuno? El microondas
0%
¿De que parte es Jimmy? Madrid
0%
No se encontraron pruebas coincidentes
Distribución de puntuación
Porcentaje de gente con cada puntuación
Porcentaje por número respondido
Historial de tus puntuaciones
No has intentado esta prueba.